Հռչակաւորն Հենրիկոս Փրանձինի կամ Վիպային կեանք սորա / (Record no. 535028)
[ view plain ]
| 000 -LEADER | |
|---|---|
| fixed length control field | 00998nam a2200217 a 4500 |
| 001 - CONTROL NUMBER | |
| control field | 2020587 |
| 003 - CONTROL NUMBER IDENTIFIER | |
| control field | AM-YEHGA |
| 005 - DATE AND TIME OF LATEST TRANSACTION | |
| control field | 20250702102558.0 |
| 008 - FIXED-LENGTH DATA ELEMENTS--GENERAL INFORMATION | |
| fixed length control field | 250530s1890 tu c||||r|||||00||1|arm|d |
| 040 ## - CATALOGING SOURCE | |
| Original cataloging agency | AM-YEHGA |
| 041 1# - LANGUAGE CODE | |
| Language code of text/sound track or separate title | arm |
| Language code of original | gre |
| 100 1# - MAIN ENTRY--PERSONAL NAME | |
| Personal name | Քեթէ, Ա․ |
| 245 10 - TITLE STATEMENT | |
| Title | Հռչակաւորն Հենրիկոս Փրանձինի կամ Վիպային կեանք սորա / |
| Statement of responsibility, etc. | Ա․ Քեթէ; թորգմանեաց ի նոր Հելլեներէնէ Սիմօն-Պետրոս Առապաճեան (Սամաթիացի)․ |
| 260 ## - PUBLICATION, DISTRIBUTION, ETC. | |
| Place of publication, distribution, etc. | Կ․ Պոլիս ։ |
| Name of publisher, distributor, etc. | Տպագրութիւն Ա․ Ասատուրեան (Գրաշարաց ընկ․), |
| Date of publication, distribution, etc. | 1890․ |
| 300 ## - PHYSICAL DESCRIPTION | |
| Extent | 224 էջ |
| 500 ## - GENERAL NOTE | |
| General note | Տիտղոսաթերթի վրա օտարալեզու գրություն։ |
| 650 14 - SUBJECT ADDED ENTRY--TOPICAL TERM | |
| Topical term or geographic name entry element | Համաշխարհային գրականություն |
| 650 14 - SUBJECT ADDED ENTRY--TOPICAL TERM | |
| Topical term or geographic name entry element | Գեղարվեստական գրականություն |
| 700 1# - ADDED ENTRY--PERSONAL NAME | |
| Personal name | Առապաճյան, Սիմօն-Պետրոս |
| Relationship | trl |
| Relator term | թարգմ. |
| 942 ## - ADDED ENTRY ELEMENTS (KOHA) | |
| Source of classification or shelving scheme | Universal Decimal Classification |
| Koha item type | Գրքեր / Books |
| Withdrawn status | Lost status | Source of classification or shelving scheme | Damaged status | Not for loan | Collection | Home library | Current library | Date acquired | Total checkouts | Full call number | Barcode | Date last seen | Price effective from | Koha item type | Public note |
|---|---|---|---|---|---|---|---|---|---|---|---|---|---|---|---|
| Universal Decimal Classification | Zhamkochyan Individual collection | Fundamental Scientific Library | Fundamental Scientific Library | 30/05/2025 | Ժամ/681 | FL0693517 | 30/05/2025 | 30/05/2025 | Գրքեր / Books | ILL Non-Circ. |
ՀՀ Գիտությունների ազգային ակադեմիայի հիմնարար գիտական գրադարան = Fundamental Scientific Library of NAS RA
All site content, except where otherwise noted, is licensed under a